15 największych miast województwa Śląskiego *Dla Ignacego* - Statystyki

Ogólne statystyki
  • Ten quiz został rozwiązany 263 razy
  • Średni wynik to 9 z 15
Statystyki odpowiedzi
Liczba Ludności Miasto % Poprawnych
303 tysiące Katowice
100%
231 tysięcy Częstochowa
84%
210 tysięcy Sosnowiec
81%
185 tysięcy Gliwice
78%
177 tysiące Zabrze
73%
173 tysiące Bielsko-Biała
59%
172 tysiące Bytom
59%
110 tysięcy Chorzów
56%
128 tysięcy Tychy
55%
140 tysięcy Rybnik
53%
141 tysięcy Ruda Śląska
51%
123 tysiące Dąbrowa Górnicza
49%
75 tysięcy Mysłowice
37%
93 tysiące Jaworzno
33%
91 tysięcy Jastrzębie-Zdrój
31%
Nie znaleziono quizów pasujących do podanych kryteriów
Rozkład punktacji
Procent ludzi z każdym wynikiem
Percentyl według liczby udzielonych odpowiedzi
Twoja historia wyników
Nie rozwiązałeś tego quizu